| 000 | 00940nam a2200217Ia 4500 | ||
|---|---|---|---|
| 999 |
_c20921 _d20921 |
||
| 003 | OSt | ||
| 005 | 20210917145454.0 | ||
| 008 | 160316s2002 xxu||||| |||| 00| 0 eng d | ||
| 020 | _a9788178811871 | ||
| 040 | _cn | ||
| 082 |
_a332.170000 _bSEE-I |
||
| 100 | _aSeethapathi K | ||
| 245 | _aFinancial services Vol. I : Evolution of financial services, leasing | ||
| 260 |
_aHyderabad _bICFAI University _c2002 |
||
| 300 | _a199p | ||
| 365 | _bRs.225 | ||
| 505 | _aContent: Preface; 1. Evolution of Financial Services; 2. An Introduction to Equipment Leasing; 3. Legal Aspects of Leasing; 4. Tax Aspects of Leasing; 5. Leave Evaluation : The Lessee's Angle' Workbook; Appendix ; | ||
| 650 | _a1. Financial Services - India - A Historical View2. Financial Services - Leasing - India3. Banking Sector - India4. Leasing - Advantages - Disadvantages | ||
| 700 |
_aRao T S Rama Krishna _aSuryanarayana A |
||
| 942 |
_2ddc _cBK |
||